000 00338nam a2200145Ia 4500
005 20250324133049.0
008 240331s9999 xx 000 0 und d
082 _bJAB
_a894
100 _aJabbar, I
245 0 _aPuthumai penn
260 _aRajagiriya
_bThamil Mandram
_c1989
300 _a106 p .,
650 _aShort Stories
942 _cL
999 _c3866
_d3866